| 000 | 01495nam a2200265Ia 4500 | ||
|---|---|---|---|
| 003 | Ost | ||
| 005 | 20260507075453.0 | ||
| 008 | 260507s9999||||xx |||||||||||||| ||und|| | ||
| 020 | _a5247899579 | ||
| 040 | _cfsecg | ||
| 041 | _aara | ||
| 082 | _a512 | ||
| 100 |
_aالعزاوي، رحيم يونس كرو _eمؤلف |
||
| 245 | 0 |
_aالمصفوفات والمحددات / _c رحيم يونس كرو العزاوي |
|
| 260 |
_aعمان: _bدار دجلة, _c2008 |
||
| 300 |
_a174 صفحة؛ _bإيضاحات ؛ _c24 سم |
||
| 490 | _aسلسلة المنهل في الرياضيات | ||
| 504 | _aبيبليوغرافيا ص.173 | ||
| 520 | _aيتألف هذا الكتاب والذي هو من سلسلة المنهل في الرياضيات ، من ثلاثة فصول يشمل كل فصل على أمثلة وتمارين متنوعة الفصل الأول دراسة المصفوفات وخواصها الجبرية واستخدامها في حل بعض المعادلات الخطية ، والفصل الثاني يتعلق بالمحددات الذي عرض فيه خواص المحددات ورتبة المصفوفة ، أما الفصل الثالث فيعالج حل المعادلات الخطية وطرق حلها وبعض خواصها وقد ّأعطى هذا الكتاب الكثير من التمارين أيضا | ||
| 653 | _aالجبر | ||
| 653 | _aالرياضيات | ||
| 653 | _aالمحددات | ||
| 653 | _aالمصفوفات | ||
| 942 | _cكتاب | ||
| 999 |
_c44645 _d44645 |
||